000 00341nam a2200145Ia 4500
005 20251222152032.0
008 251222s9999||||xx |||||||||||||| ||spa||
020 _a9972270203
082 _a639.21/B74
100 _aBorios, Stéphanie
245 0 _aLos Asháninka y la Pesca
250 _a1ra.ed.
264 _bLinea Andina
942 _cLIB
999 _c25719
_d25719